000 00712nam a2200157 a 4500
008 091012s1988 xx |||||||||||||| || u
050 _aUNO(01)
110 _aUnited Nations Economic and Social Affairs (UNESA)
245 1 0 _aUnited Nations peace-keeping : how the men and women of the United Nations keep the peace
_cby United Nations
260 _a
_bUnited Nations department of Public information
_c1988
350 _a0.00
650 _aPEACEKEEPING
650 _aUNITED NATIONS--ARMED FORCES
650 _aUNITED NATIONS--PEACEKEEPING FORCES
995 _D0.00
_FCBU-MAIN LIBRARY (Kitwe)
_H1
_I0.00
_M1
_UAVAILABLE
_WOct 12, 2009
_ZInternational Publications
999 _c60848
_d60848